[Event "Jundiai op 4th"]
[Site "Jundiai"]
[Date "2023.07.23"]
[Round "4"]
[White "Carneiro, Ruan Souza"]
[Black "De Amorim, Raphael Zilio Marti"]
[Result "0-1"]
[WhiteElo "1506"]
[BlackElo "1650"]
[PlyCount "134"]
[EventDate "2023.07.21"]
[EventType "swiss"]
[EventRounds "5"]
[EventCountry "BRA"]
[SourceTitle "CBM 215 Extra"]
[Source "ChessBase"]
[SourceDate "2023.09.30"]
[SourceVersion "1"]
[SourceVersionDate "2023.09.30"]
[SourceQuality "1"]

1. e4 c5 2. c3 Nf6 3. e5 Nd5 4. d4 cxd4 5. Nf3 Nc6 6. cxd4 d6 7. Bc4 Nb6 8. Bb5 Bd7 9. exd6 e6 10. Bg5 Qb8 11. Be7 Bxe7 12. dxe7 a6 13. Be2 Nxe7 14. Nc3 Bc6 15. 0-0 0-0 16. Ne5 Rd8 17. Qb3 Nbd5 18. Bf3 Nxc3 19. Nxc6 Ne2+ 20. Bxe2 Nxc6 21. Bf3 Rxd4 22. Bxc6 bxc6 23. Qc3 Qd6 24. Rac1 Rc8 25. Qa5 c5 26. b4 c4 27. b5 axb5 28. Qxb5 c3 29. Rc2 Rd2 30. Qb3 Rxc2 31. Qxc2 Qb4 32. g3 g6 33. Rb1 Qd4 34. Rd1 Qb4 35. Rb1 Qa5 36. Rb3 Rc4 37. Kf1 Qa4 38. Kg1 h5 39. h4 Kg7 40. Kf1 Qc6 41. Kg1 Qc5 42. Kf1 Qc6 43. Kg1 Qc5 44. Kf1 Qd4 45. Rb1 Ra4 46. Rb3 Rc4 47. Rb1 e5 48. Rd1 Qc5 49. Rd3 Qb5 50. Kg2 Qc6+ 51. Kg1 Qe4 52. Kf1 Qh1+ 53. Ke2 Re4+ 54. Re3 Rxe3+ 55. fxe3 Qd5 56. a3 Qc4+ 57. Ke1 Qc5 58. a4 Qxe3+ 59. Kd1 Qg1+ 60. Ke2 Qg2+ 61. Kd3 Qxg3+ 62. Kc4 Qxh4+ 63. Kb5 Qd4 64. Qh2 Qe4 65. a5 c2 66. Qd2 Qb7+ 67. Ka4 Qc6+ 0-1

[Event "Jundiai op 4th"]
[Site "Jundiai"]
[Date "2023.07.22"]
[Round "2"]
[White "Da Silva, Marcio Antonio Bran"]
[Black "De Amorim, Raphael Zilio Marti"]
[Result "0-1"]
[WhiteElo "1800"]
[BlackElo "1650"]
[PlyCount "78"]
[EventDate "2023.07.21"]
[EventType "swiss"]
[EventRounds "5"]
[EventCountry "BRA"]
[SourceTitle "CBM 215 Extra"]
[Source "ChessBase"]
[SourceDate "2023.09.30"]
[SourceVersion "1"]
[SourceVersionDate "2023.09.30"]
[SourceQuality "1"]

1. d4 Nf6 2. Nf3 e6 3. Bg5 d5 4. e3 Be7 5. Bd3 h6 6. Bh4 b6 7. 0-0 0-0 8. c4 Bb7 9. Nc3 Nbd7 10. Rc1 c5 11. h3 cxd4 12. Nxd4 Rc8 13. Qe2 Nc5 14. Bb1 dxc4 15. Rfd1 Nd3 16. Bxd3 cxd3 17. Qxd3 Nd5 18. Bg3 Nxc3 19. Rxc3 Qd5 20. Nf3 Rxc3 21. Qxd5 Bxd5 22. bxc3 Rc8 23. Nd4 a6 24. Ne2 Bxa2 25. Rd7 Bf6 26. Bc7 b5 27. Ba5 Bd5 28. f3 Kf8 29. Bb4+ Ke8 30. Ra7 Ra8 31. Rxa8+ Bxa8 32. Kf2 Bd8 33. Nd4 Kd7 34. Ke2 Bd5 35. e4 Bc4+ 36. Kf2 Bb6 37. f4 a5 38. Bf8 b4 39. Bxg7 b3 0-1

[Event "Sao Paulo Hebraica op 30th"]
[Site "Sao Paulo"]
[Date "2023.02.10"]
[Round "2"]
[White "Jiang, Lucas Zirui"]
[Black "De Amorim, Raphael Zilio Marti"]
[Result "1-0"]
[WhiteElo "1622"]
[BlackElo "1800"]
[PlyCount "45"]
[EventDate "2023.02.10"]
[EventType "swiss"]
[EventRounds "7"]
[EventCountry "BRA"]
[SourceTitle "CBM 212 Extra"]
[Source "ChessBase"]
[SourceDate "2023.03.31"]
[SourceVersion "1"]
[SourceVersionDate "2023.03.31"]
[SourceQuality "1"]

1. d4 Nf6 2. Nf3 d5 3. c4 e6 4. cxd5 exd5 5. Bg5 Be7 6. Bxf6 Bxf6 7. Nc3 c6 8. e3 Bf5 9. Be2 Nd7 10. 0-0 0-0 11. b4 Qe7 12. Qb3 Nb6 13. b5 c5 14. Nxd5 Nxd5 15. Qxd5 cxd4 16. Qxf5 dxe3 17. Rad1 g6 18. Qb1 Rfe8 19. Kh1 exf2 20. Rxf2 Qc5 21. Rdf1 Re7 22. Qb3 Rae8 23. Ng1 1-0